| Поле | Название | Значение |
| |
Тип записи |
c |
| |
Библиографический уровень |
m |
| 001 |
Контрольный номер |
UONB/MAIN/0602e3123a3a47a583970866ee34ad18 |
| 005 |
Дата корректировки |
20251028093430.4 |
| 100 |
Данные общей обработки |
__ |
| a |
Данные общей обработки |
20241210b1984 u y0rusy0189 ca |
| 101 |
Язык документа |
0_ |
| a |
Язык текста |
rus |
| f |
Язык титульного листа |
rus |
| 102 |
Страна публикации |
__ |
| a |
Страна публикации |
RU |
| 200 |
Заглавие и сведения об ответственности |
1_ |
| a |
Заглавие |
С песней по жизни |
| e |
Сведения, относящиеся к заглавию |
песенник |
| e |
Сведения, относящиеся к заглавию |
для пения (соло, хор) без сопровождения и с буквенно-цифровым обозначением сопровождения |
| f |
Первые сведения об ответственности |
составитель В. Модель |
| 210 |
Выходные данные |
1_ |
| a |
Место издания |
Ленинград |
| c |
Издательство |
Советский композитор |
| d |
Дата издания |
1984- |
| 215 |
Физическое описание |
__ |
| d |
Формат |
21 см |
| 686 |
Индексы других классификаций |
__ |
| a |
Классификационный индекс |
85 |
| 2 |
Код системы |
rubbk |
| 702 |
Вторичная интеллектуальная ответственность |
_1 |
| a |
Фамилия |
Модель |
| b |
Имя (инициалы) |
В. И. |
| g |
Полное личное имя |
Владимир Ильич |
| 4 |
Код отношения |
220 |
| 801 |
Источник записи |
_0 |
| a |
Страна |
RU |
| b |
Организация |
Ульяновская ОНБ |
| c |
Дата составления |
20241210 |
| g |
Правила каталогизации |
RCR |
| 801 |
Источник записи |
_1 |
| a |
Страна |
RU |
| b |
Организация |
Ульяновская ОНБ |
| c |
Дата составления |
20241210 |
| g |
Правила каталогизации |
RCR |
| 901 |
Тип документа |
__ |
| t |
Тип документа |
v |
| 909 |
Создатель записи |
__ |
| a |
Создатель записи |
Никитина Т. А. |
| b |
Дата создания записи |
20241210 |